Štúdium vplyvu nových derivátov berberínu na morfológiu a viabilitu buniek rastúcich in vitro

Salvato in:
Dettagli Bibliografici
Autore principale: Švédová, Alexandra (Autore)
Altri autori: Jantová, Soňa (Relatore della tesi)
Natura: Manoscritto Libro
Lingua:slovacco
Pubblicazione: 2017
Soggetti:
Accesso online:http://is.stuba.sk/zp/portal_zp.pl?podrobnosti=121812
Tags: Aggiungi Tag
Nessun Tag, puoi essere il primo ad aggiungerne!!

MARC

LEADER 00000ntm a22000003a 4500
001 stuzp64255
003 SK-STU
005 20170715210758.3
007 ta
008 150427s2015----xo-----f-mn---000-0-slo-d
040 |a STU  |b slo 
041 0 |a slo 
100 1 |a Švédová, Alexandra  |u 043000  |4 aut  |U FCHPT Fakulta chemickej a potravinárskej technológie  |T FCHPT Ústav biochémie a mikrobiológie  |X 77632  |U C3000  |Y 101  |7 77632 
242 0 1 |a Studies of Influence of new Berberine Derivatives on Morphology and Viability of Cells, which are growing in vitro  |y eng 
245 1 0 |a Štúdium vplyvu nových derivátov berberínu na morfológiu a viabilitu buniek rastúcich in vitro 
260 |c 2017 
650 4 |a berberín  |2 slo 
650 4 |a ciprofloxacín  |2 slo 
650 4 |a deriváty  |2 slo 
650 4 |a rakovina  |2 slo 
650 4 |a apoptóza  |2 slo 
650 4 |a berberine  |2 eng 
650 4 |a apoptosis  |2 eng 
650 4 |a ciprofloxacin  |2 eng 
650 4 |a derivative  |2 eng 
650 4 |a tumor  |2 eng 
700 1 |a Jantová, Soňa  |u 043000  |k Z1  |4 ths  |U FCHPT Fakulta chemickej a potravinárskej technológie  |T FCHPT Ústav biochémie a mikrobiológie  |X 3352  |U C3000  |Y 101  |7 A000003352 
856 4 |u http://is.stuba.sk/zp/portal_zp.pl?podrobnosti=121812